000 00707nam a2200229Ia 4500
003 BUBTL
008 151213s9999 xx 000 0 und d
020 _a978-81-317-1110-1
082 _a658
_bHEC
100 _aRichard I.Henderson
_92761
245 _aCompensation Management in a Knowledge Based World
_cRichard I.Henderson
250 _a10th
260 _aNew Delhi
_bPearson Education
_c2006
300 _a[xvii] , 550p . :
_bill , Chart ,Table ; 28cm.
_cManagement.
500 _aIncludes Index.
650 _aManagement
_92762
650 _aManagement
_92762
700 _aRichard I.Henderson
_92761
856 _k0
_l0
_yDownload
942 _2ddc
_cBK
999 _c2286
_d2286